000 00482nam a2200229Ia 4500
003 IT-RoPAU
008 120407s9999 xx 000 0 und d
040 _aIT-RoPAU
040 _cIT-RoPAU
041 _aita
100 _aFerdinando Ormea
245 _aGramsci e il futuro dell’uomo.
250 _aRoma
260 _aCoines
260 _c1975
300 _a368 p.
300 _c20,5 cm
490 _aNuova bibliteca
490 _v1
942 _cBK
999 _c33511
_d33511